500 films en images - Statistiques

Statistiques générales
  • Ce quiz a été pris 3 145 fois
    2 057 depuis la dernière actualisation
  • Le résultat moyen est 151 sur 500
Statistiques - réponses
Par images Réponse % Correct
Cendrillon
97%
Spider-man
91%
E.T., l'extra-terrestre
88%
Brice de Nice
86%
Le Monde de Némo
86%
Mulan
84%
Moi, moche et méchant
82%
Titanic
82%
Ça
80%
Rebelle
80%
Zootopie
79%
Ratatouille
78%
Aladdin
77%
Toy Story
76%
La Belle et la Bête
75%
La Belle et la Bête
75%
La Belle et le Clochard
75%
Le Parrain
74%
Tarzan
74%
Forrest Gump
72%
La Reine des neiges
72%
Les Aristochats
72%
Rocky
72%
Charlie et la Chocolaterie
71%
Là-haut
71%
Le Livre de la jungle
71%
Les Indestructibles
71%
Avengers
70%
Interstellar
70%
Joker
70%
Vaiana
70%
Avatar
69%
Cars
69%
Inception
69%
Le Roi lion
69%
Fight Club
67%
Intouchables
67%
Le loup de Wall Street
67%
Men in Black
67%
Dune
66%
Kung Fu Panda
66%
Lala Land
66%
Les Aventuriers de l'arche perdue
66%
Les Gardiens de la Galaxie
66%
Retour vers le futur
66%
Coco
65%
Pocahontas
65%
Astérix et Obélix : Mission Cléopâtre
64%
Edward aux mains d'argent
64%
Les Tuche
64%
Blanche-Neige et les Sept Nains
63%
L'Âge de glace
63%
La Soupe aux choux
63%
Taxi
63%
La Famille Addams
62%
Le dîner de cons
62%
Superman
62%
Gladiator
61%
Jurassic Park
61%
Bambi
60%
La Petite Sirène
60%
Maman, j'ai raté l'avion !
60%
The Truman Show
60%
Hunger Games
59%
Bienvenue chez les Ch'tis
58%
La Haine
58%
Le Cercle des poètes disparus
58%
Les Minions
58%
Qu'est-ce qu'on a fait au Bon Dieu ?
58%
Un p'tit truc en plus
58%
Vice-Versa
58%
Black Swan
57%
Léon
57%
Matrix
57%
Alice au pays des merveilles
56%
John Wick
56%
Le Fabuleux Destin d'Amélie Poulain
56%
Black Panther
55%
La Boum
55%
Pulp Fiction
55%
Soul
55%
WALL-E
55%
Camping
54%
Shrek
54%
The Mask
54%
Le Diable s'habille en Prada
53%
Le Dictateur
53%
Mon voisin Totoro
53%
Paddington
53%
Raiponce
53%
Very Bad Trip
53%
Captain America: First Avenger
52%
Fast and Furious
52%
Il faut sauver le soldat Ryan
52%
Toy Story 2
52%
Belle et Sébastien
51%
Kill Bill : Volume 2
51%
Le Bossu de Notre-Dame
51%
Massacre à la tronçonneuse
51%
Shutter Island
51%
The Revenant
51%
Alien, le huitième passager
50%
Gremlins
50%
La Ligne verte
50%
Mary Poppins
50%
Scream
50%
Les bronzés font du ski
49%
Seul sur Mars
49%
The Dark Knight
49%
Deadpool
48%
Frida
48%
La Princesse et la Grenouille
48%
Le Grand Bain
48%
Le père Noël est une ordure
48%
Monstres et Cie
48%
Pretty Woman
48%
Sister Act
48%
Kill Bill: Volume 1
47%
Les Choristes
47%
Lilo et Stitch
47%
Oppenheimer
47%
1 001 Pattes
46%
Casino
46%
Elephant Man
46%
Ghost
46%
Scarface
46%
Shining
46%
300
45%
La Belle au bois dormant
45%
Les Aventures de Rabbi Jacob
45%
Les Visiteurs
45%
American Sniper
44%
Fantomas
44%
La Cité de la peur
44%
Le Magicien d'Oz
44%
Les Goonies
44%
Once Upon a Time... in Hollywood
44%
Troie
44%
Whiplash
44%
8 Mile
43%
American Psycho
43%
Beetlejuice
43%
Drive
43%
La Grande Vadrouille
43%
Mamma Mia!
43%
Dirty Dancing
42%
Django Unchained
42%
La Nuit au musée
42%
L'Odyssée de Pi
42%
Will Hunting
42%
La Liste de Schindler
41%
Le Bon, la Brute et le Truand
41%
RRRrrrr!!!
41%
Les Trois Frères
40%
Le Voyage de Chihiro
40%
Bean
39%
Grease
39%
Les Dents de la mer
39%
Le Tombeau des lucioles
39%
Rambo
39%
Le Silence des Agneaux
38%
Dunkerque
37%
Nos jours heureux
37%
SOS Fantômes
37%
The Whale
37%
Usual Suspects
37%
Chantons sous la pluie
36%
Split
36%
Babylon
35%
Get Out
35%
La Tour Montparnasse infernale
35%
Le Pianiste
35%
Le Seigneur des anneaux : Le Retour du roi
35%
L'Étrange Noël de monsieur Jack
35%
Million Dollar Baby
35%
Princesse Mononoké
35%
Seven
35%
1917
34%
American History X
34%
Coup de foudre à Notting Hill
34%
Dracula
34%
La Folie des grandeurs
34%
La Momie
34%
Le Seigneur des anneaux : La Communauté de l'anneau
34%
L'Exorciste
34%
Mad Max : Fury Road
34%
Parasite
34%
Slumdog Millionaire
34%
Taxi Driver
34%
The Grand Budapest Hotel
34%
The Greatest Showman
34%
2001, l'Odyssée de l'espace
33%
Didier
33%
Harry Potter et le Prisonnier d'Azkaban
33%
L'Aile ou la Cuisse
33%
La Môme
33%
La vie est belle
33%
La Vie est belle
33%
Le Garçon au pyjama rayé
33%
Les Griffes de la nuit
33%
Top Gun : Maverick
33%
A Star Is Born
32%
Baby Driver
32%
Cyrano de Bergerac
32%
Fatal
32%
Karaté Kid
32%
Le Grand Bleu
32%
Mars Attacks
32%
Qui veut la peau de Roger Rabbit
32%
Rasta Rockett
32%
Arrête-moi si tu peux
31%
Casino Royale
31%
Le Gendarme de Saint-Tropez
31%
OSS 117 : Rio ne répond plus
31%
Psychose
31%
The Artist
31%
Braveheart
30%
Gandhi
30%
Gatsby le Magnifique
30%
Gravity
30%
Le Château ambulant
30%
Le Cinquième Élément
30%
Les Evadés
30%
Les Sous-doués
30%
Les Temps Modernes
30%
Ma vie de Courgette
30%
Nosferatu
30%
Un jour sans fin
30%
West Side Story
30%
American Beauty
29%
American Nightmare
29%
Reservoir Dogs
29%
Sur la piste du Marsupilami
29%
Anatomie d'une chute
28%
Gran Torino
28%
Green book
28%
La Famille Bélier
28%
Ocean's Eleven
28%
Rain Man
28%
Robocop
28%
Thelma et Louise
28%
Le Hobbit: La désolation de Smaug
27%
OSS 117 : Le Caire, nid d'espions
27%
Polisse
27%
Ready Player One
27%
Spider-Man : Across the Spider-Verse
27%
V pour Vendetta
27%
Apocalypse Now
26%
Donnie Darko
26%
Lawrence d'Arabie
26%
Le Prestige
26%
The Big Lebowski
26%
Inglourious Basterds
25%
Le Corniaud
25%
Les Demoiselles de Rochefort
25%
Orange Mécanique
25%
Requiem for a Dream
25%
Taken
25%
The Social Network
25%
Amadeus
24%
Ben-Hur
24%
Full Metal Jacket
24%
Gone Girl
24%
Jojo Rabbit
24%
Jumanji
24%
La Cité de Dieu
24%
La Forme de l'eau
24%
La Vague
24%
La Vérité
24%
Les Aventures de Tintin : Le Secret de La Licorne
24%
Predator
24%
Sixième Sens
24%
Terminator 2
24%
12 hommes en colère
23%
Birdman
23%
Il était une fois dans l'Ouest
23%
La Chèvre
23%
La Vérité si je mens !
23%
Le Journal de Bridget Jones
23%
Le Monde de Narnia : Le Lion, la Sorcière blanche et l'Armoire magique
23%
Les Affranchis
23%
Pirates des Caraïbes : La Malédiction du Black Pearl
23%
Point Break
23%
Saw
23%
Twilight, chapitre I : Fascination
23%
Valérian et la Cité des mille planètes
23%
Vol au-dessus d'un nid de coucou
23%
Heat
22%
Les Tontons Flingueurs
22%
L'Étrange Histoire de Benjamin Button
22%
Little Miss Sunshine
22%
Malcolm X
22%
Mulholland Drive
22%
500 jours ensemble
21%
Big
21%
Conan le Barbare
21%
Drunk
21%
Le Parrain, 2e partie
21%
Old Boy
21%
No country for old men
20%
Passengers
20%
The Blues Brothers
20%
Borat
19%
Bruce tout-puissant
19%
Gangs of New York
19%
Le Géant de fer
19%
Piège de cristal
19%
Raging Bull
19%
Zodiac
19%
Citizen Kane
18%
Everything Everywhere All at Once
18%
Eyes Wide Shut
18%
Les Figures de l'ombre
18%
Nikita
18%
Prisoners
18%
Hook ou la Revanche du capitaine Crochet
17%
La vie est un long fleuve tranquille
17%
Le Dernier Samouraï
17%
Le Discours d'un roi
17%
Misery
17%
Skyfall
17%
Tu ne tueras point
17%
Diamants sur canapé
16%
Fantastic Mr. Fox
16%
Fenêtre sur cour
16%
Imitation Game
16%
Jeu d'enfant
16%
La Chute
16%
La Traversée de Paris
16%
Les Infiltrés
16%
Le Tour du monde en 80 jours
16%
Pierrot le Fou
16%
Rocketman
16%
Star Wars, épisode V : L'Empire contre-attaque
16%
The Thing
16%
Barry Lyndon
15%
Casablanca
15%
Happiness Therapy
15%
Il était une fois en Amérique
15%
La Mouche
15%
Le Petit Monde de don Camillo
15%
Les Dix Commandements
15%
Le Secret de Brokeback Mountain
15%
M le maudit
15%
Mommy
15%
Pearl Harbor
15%
The Equalizer
15%
Armageddon
14%
Carrie au bal du diable
14%
Incassable
14%
Les incorruptibles
14%
Manchester by the Sea
14%
N'oublie jamais
14%
Un prophète
14%
Chicago
13%
Danse avec les loups
13%
Eternal Sunshine of the Spotless Mind
13%
Hellraiser
13%
Hugo Cabret
13%
Indiana Jones et la Dernière Croisade
13%
Moulin Rouge
13%
Shaun of the Dead
13%
The Father
13%
127 heures
12%
Autant en emporte le vent
12%
Big Fish
12%
Docteur Folamour
12%
La Ligne rouge
12%
L'Arme fatale
12%
Le Nom de la rose
12%
Le Professionnel
12%
Le Roi et l'Oiseau
12%
Lion
12%
Y a-t-il un pilote dans l'avion ?
12%
Blue Velvet
11%
Edge of Tomorrow
11%
Ex machina
11%
La Mort aux trousses
11%
Le Dernier des Mohicans
11%
Le Fugitif
11%
Le Règne animal
11%
Les Sentiers de la gloire
11%
Moonlight
11%
Starship Troopers
11%
The Dallas Buyers Club
11%
Tonnerre sous les tropiques
11%
Adieu les cons
10%
Blade Runner
10%
Le Fondateur
10%
Le Pacte des loups
10%
Les Huit Salopards
10%
Mais où est donc passée la septième compagnie ?
10%
Seven Sisters
10%
Un homme d'exception
10%
Voyage au bout de l'enfer
10%
Captain Fantastic
9%
Goldfinger
9%
Killers of the Flower Moon
9%
Kingsman : Services secrets
9%
La Folle Journée de Ferris Bueller
9%
L'Associé du diable
9%
Le Dernier Empereur
9%
Le Grand Blond avec une chaussure noire
9%
Les Quatre Cents Coups
9%
L'Inspecteur Harry
9%
Monty Python : Sacré Graal !
9%
Paris, Texas
9%
Subway
9%
Sur la route de Madison
9%
À bout de souffle
8%
Halloween : La Nuit des masques
8%
Independence Day
8%
La Rage au ventre
8%
Les Lumières de la ville
8%
Les Sept Samouraïs
8%
Midnight Express
8%
Mon oncle
8%
Mystic River
8%
Philadelphia
8%
Sueurs froides
8%
The Fabelmans
8%
The Game
8%
There Will Be Blood
8%
Total Recall
8%
Une nuit en enfer
8%
Au revoir là-haut
7%
Fargo
7%
Kramer contre Kramer
7%
La Dernière Tentation du Christ
7%
La Mémoire dans la peau
7%
La Valse des pantins
7%
La Vie des autres
7%
Le Magnifique
7%
Le Mépris
7%
Le Pont de la rivière Kwaï
7%
Le Samouraï
7%
Minority Report
7%
Un singe en hiver
7%
GoldenEye
6%
Ip Man
6%
La Grande Évasion
6%
La Passion de Jeanne d'Arc
6%
Le Clan des Siciliens
6%
Le Goût des autres
6%
Les Ailes du désir
6%
Les Rivières pourpres
6%
Le Trou
6%
Persona
6%
Chinatown
5%
Dancer in the Dark
5%
Impitoyable
5%
La Grande Bouffe
5%
La Nuit du chasseur
5%
La Prisonnière du désert
5%
L'Armée des ombres
5%
Last Action Hero
5%
Le Septième Sceau
5%
Macadam Cowboy
5%
My Fair Lady
5%
Out of Africa
5%
Rio Bravo
5%
Aguirre, la colère de Dieu
4%
Belle de jour
4%
Boulevard du crépuscule
4%
Cléo de 5 à 7
4%
Le crime était presque parfait
4%
Le Placard
4%
Le Vieux Fusil
4%
Nomadland
4%
Rashōmon
4%
Un après-midi de chien
4%
Annie Hall
3%
Docteur Jekyll et M. Hyde
3%
Il était une fois le Bronx
3%
Je verrai toujours vos visages
3%
Le Patient anglais
3%
L'Homme qui tua Liberty Valance
3%
L'Impasse
3%
Spotlight
3%
Au hasard Balthazar
2%
Cent Mille Dollars au soleil
2%
Duel
2%
Huit et demi
2%
La Chevauchée fantastique
2%
La Grande Illusion
2%
La Maman et la Putain
2%
La Porte du paradis
2%
Le Cabinet du docteur Caligari
2%
Les Aventures de Jack Burton dans les griffes du Mandarin
2%
Les Douze Salopards
2%
Les Enfants du paradis
2%
Mean Streets
2%
New York 1997
2%
Take Shelter
2%
Vivre
2%
100 Dollars pour un shérif
1%
Du sang et des larmes
1%
Gigi
1%
La Règle du jeu
1%
Point limite
1%
Aucun quiz correspondant
Distribution des résultats
% des personnes avec chaque résultat
Percentile par nombre de réponses
Votre historique - résultats
Vous n’avez pas pris ce quiz depuis la dernière actualisation